| 000 | 01045nam a2200301 i 4500 | ||
|---|---|---|---|
| 001 | bg | ||
| 100 | 1 | _aMcDONALD, Malcolm | |
| 245 | 1 | 0 |
_aSegmentacja rynku : _bprzebieg procesu i wykorzystanie wyników / _cMalcolm McDonald, Ian Dunbar ; przeł. Grzegorz Łuczkiewicz. |
| 246 |
_iTyt. oryg.: _aMarket segmentation |
||
| 260 |
_aKraków : _bOficyna Ekonomiczna. Oddział Polskich Wydawnictw Profesjonalnych, _c2003. |
||
| 300 |
_a376 s. : _brys. ; _c24 cm. |
||
| 490 | 1 | _aPublikacje Biznesowe | |
| 500 | _aTyt. oryg.: "Market segmentation". | ||
| 504 | _aIndeks. | ||
| 650 | 9 |
_aRynek _xbadanie |
|
| 650 | 9 |
_aKonsumenci (ekon.) _xbadanie |
|
| 700 | 1 | _aDUNBAR, Ian | |
| 700 | 1 |
_aŁUCZKIEWICZ, Grzegorz. _eTł. |
|
| 830 | _aPublikacje Biznesowe | ||
| 020 | _a8388597868 | ||
| 040 | _cBPK | ||
| 041 | 1 |
_apol _heng |
|
| 080 | _a339.13:366 | ||
| 920 | _a83-88597-86-8 | ||
| 942 | _cKS | ||
| 008 | s pl f |000 0 pol | ||
| 999 |
_c45462 _d45462 |
||
| 856 |
_uhttp://koha.tu.koszalin.pl/cgi-bin/koha/opac-detail.pl?biblionumber=45462 _yKatalog online BPK |
||